书目信息 |
| 题名: |
平面解析几何补充教程
|
|
| 作者: | 吴光磊 , 田畴 编 | |
| 分册: | ||
| 出版信息: | 北京 人民教育出版社 1966 |
|
| 页数: | 60页 | |
| 开本: | 20cm | |
| 丛书名: | ||
| 单 册: | ||
| 中图分类: | O182.1 | |
| 科图分类: | ||
| 主题词: | 几何 , 拓扑 | |
| 电子资源: | ||
| ISBN: | ||
| 000 | 00639nam0 2200229 450 | |
| 001 | 0653839203 | |
| 005 | 20060516150249.34 | |
| 010 | @dCNY0.22 | |
| 100 | @a20060510d1966 km y0chiy0120 ea | |
| 101 | 0 | @achi |
| 102 | @aCN@b110000 | |
| 200 | 1 | @a平面解析几何补充教程@Aping mian jie xi ji he bu chong jiao cheng@f吴光磊,田畴编@Fwu guang lei,tian chou bian |
| 210 | @a北京@c人民教育出版社@d1966 | |
| 215 | @a60页@d20cm | |
| 300 | @a高等学校教材 | |
| 606 | 0 | @a几何 |
| 606 | 0 | @a拓扑 |
| 690 | @aO182.1@v3 | |
| 701 | 0 | @a吴光磊@Awu guang lei@4编 |
| 701 | 0 | @a田畴@Atian chou@4编 |
| 801 | 0 | @aCN@bPFT@c20060516 |
| 905 | @a10447@dO182.1@e1 | |
| 平面解析几何补充教程/吴光磊,田畴编.-北京:人民教育出版社,1966 |
| 60页;20cm |
| 高等学校教材 |
| ISBN :CNY0.22 |
| ● |
| 相关链接 |
|
|
|
|
正题名:平面解析几何补充教程
索取号:O182.1/1
 
预约/预借
| 序号 | 登录号 | 条形码 | 馆藏地/架位号 | 状态 | 备注 |
| 1 | 0006327 | 202354308 | 密集书库/ [索取号:O182.1/1] | 在馆 | |
| 2 | 0006328 | 202354282 | 密集书库/ [索取号:O182.1/1] | 在馆 | |
| 3 | 0006330 | 202354291 | 密集书库/ [索取号:O182.1/1] | 在馆 |